najważniejsze daty w historii polskiej do XVII wieku - Statystyki

Ogólne statystyki
  • Ten quiz został rozwiązany 112 razy
  • Średni wynik to 10 z 15
Statystyki odpowiedzi
Hint Odpowiedź % Poprawnych
Chrzest Polski 966
99%
Bitwa pod Grunwaldem 1410
97%
Zjazd w Gnieźnie 1000
94%
Koronacja Bolesława Chrobrego 1025
91%
Hołd Pruski 1525
68%
Unia Lubelska z Litwą 1569
62%
Oblężenie Jasnej Góry 1655
61%
Uchwalenie konstytucji Nihil novi 1505
59%
Unia w Krewie 1385
58%
Bitwa pod Warną 1444
58%
Pokój w Oliwie 1660
56%
Pierwsza wolna elekcja 1573
53%
Bitwa pod Legnicą 1241
49%
Pokój w Toruniu 1411
46%
Bitwa pod Oliwą 1627
38%
Nie znaleziono quizów pasujących do podanych kryteriów
Rozkład punktacji
Procent ludzi z każdym wynikiem
Percentyl według liczby udzielonych odpowiedzi
Twoja historia wyników
Nie rozwiązałeś tego quizu